| 000 | 00587nam a2200229Ia 4500 | ||
|---|---|---|---|
| 005 | 20250217025808.0 | ||
| 008 | 240331s9999 xx 000 0 und d | ||
| 020 | _a0748403612 | ||
| 082 |
_bRAI _22271 _a305.4 |
||
| 245 | 0 |
_aWomen and the State: _bInternational Perspectives |
|
| 260 |
_aLondon; _aBristol _bTaylor & Francis _c1996 |
||
| 300 | _avii, 182 p., | ||
| 650 | _aWomen | ||
| 650 | _aInternational | ||
| 650 | _aState | ||
| 650 | _aFeminism | ||
| 650 | _aGender | ||
| 650 | _aPoverty Reduction | ||
| 700 |
_aRai, S. M _eedt |
||
| 700 |
_aLievesley, G _eedt |
||
| 942 | _cL | ||
| 999 |
_c1739 _d1739 |
||